The psychology of gender / (Record no. 5090)

MARC details
000 -LEADER
fixed length control field 00715cam a2200181 a 4500
020 ## - INTERNATIONAL STANDARD BOOK NUMBER
ISBN 9780136009955
020 ## - INTERNATIONAL STANDARD BOOK NUMBER
ISBN 0136009956
050 00 - CALL NUMBER
Classification number HQ1075
Item number .H45
100 1# - AUTHOR
Personal name Helgeson, Vicki S.
245 14 - TITLE
Title The psychology of gender /
Statement of responsibility, etc Vicki S. Helgeson.
250 ## - EDITION
Edition statement 3rd ed.
260 ## - PUBLICATION INFORMATION
Place of publication Upper Saddle River, N.J. :
Name of publisher Pearson/Prentice Hall,
Year of publication c2009.
300 ## - DESCRIPTION
Number of Pages xxi, 698 p. :
Other physical details ill. ;
Dimensions 24 cm.
505 ## - FORMATTED CONTENTS NOTE
Table of Content Introduction, Methods and History of gender,Gender role attitudes,sex related comparisons:observation, sex related comparisons: theory,Achievement, communication, Friendship, Romantic relationships, Sex differences in health
650 #0 - SUBJECTS
Topical Term Sex role.
650 #0 - SUBJECTS
Topical Term Sex differences (Psychology)
942 ## - ADDED ENTRY ELEMENTS (KOHA)
Koha item type Books
Holdings
Withdrawn status Lost status Home library Current library Date acquired Full call number Accession Number Koha item type
    Methodist University Library Wenchi Nursing Methodist University Library Wenchi Nursing 06/05/2019 HQ1075 .H45 7429 Books
Copyright © 2026  MUG Library